<?xml version="1.0" encoding="UTF-8"?>
<record
    xmlns:xsi="http://www.w3.org/2001/XMLSchema-instance"
    xsi:schemaLocation="http://www.loc.gov/MARC21/slim http://www.loc.gov/standards/marcxml/schema/MARC21slim.xsd"
    xmlns="http://www.loc.gov/MARC21/slim">

  <leader>00621nam a22002057a 4500</leader>
  <controlfield tag="008">231121b        |||||||| |||| 00| 0 mal d</controlfield>
  <datafield tag="020" ind1=" " ind2=" ">
    <subfield code="a">9789384795702</subfield>
  </datafield>
  <datafield tag="041" ind1=" " ind2=" ">
    <subfield code="a">mal</subfield>
  </datafield>
  <datafield tag="082" ind1=" " ind2=" ">
    <subfield code="2">23</subfield>
    <subfield code="a">8M2</subfield>
    <subfield code="b">KUR/P</subfield>
  </datafield>
  <datafield tag="084" ind1=" " ind2=" ">
    <subfield code="2">CC</subfield>
  </datafield>
  <datafield tag="100" ind1=" " ind2=" ">
    <subfield code="a">&#xD15;&#xD41;&#xD31;&#xD41;&#xD2A;&#xD4D;&#xD2A;&#xD4D; &#xD12;.&#xD0E;&#xD7B;.&#xD35;&#xD3F;.</subfield>
  </datafield>
  <datafield tag="245" ind1=" " ind2=" ">
    <subfield code="a">&#xD2A;&#xD34;&#xD2F; &#xD2A;&#xD32;&#xD4D;&#xD32;&#xD15;&#xD4D;&#xD15;&#xD4D;  / </subfield>
    <subfield code="c">&#xD12;.&#xD0E;&#xD7B;.&#xD35;&#xD3F;.&#xD15;&#xD41;&#xD31;&#xD41;&#xD2A;&#xD4D;&#xD2A;&#xD4D;</subfield>
  </datafield>
  <datafield tag="246" ind1=" " ind2=" ">
    <subfield code="a">Pazhaya pallakku</subfield>
  </datafield>
  <datafield tag="260" ind1=" " ind2=" ">
    <subfield code="a">Thiruvananthapuram :</subfield>
    <subfield code="b">Maluben Publications,</subfield>
    <subfield code="c">2022.</subfield>
  </datafield>
  <datafield tag="546" ind1=" " ind2=" ">
    <subfield code="a">In malayalam</subfield>
  </datafield>
  <datafield tag="653" ind1=" " ind2=" ">
    <subfield code="a">Malayalam literature &#x2013; poetic drama</subfield>
  </datafield>
  <datafield tag="700" ind1=" " ind2=" ">
    <subfield code="a">O.N.V.Kurup</subfield>
  </datafield>
  <datafield tag="942" ind1=" " ind2=" ">
    <subfield code="c">BK</subfield>
  </datafield>
  <datafield tag="999" ind1=" " ind2=" ">
    <subfield code="c">339988</subfield>
    <subfield code="d">339988</subfield>
  </datafield>
  <datafield tag="952" ind1=" " ind2=" ">
    <subfield code="0">0</subfield>
    <subfield code="1">0</subfield>
    <subfield code="4">0</subfield>
    <subfield code="7">0</subfield>
    <subfield code="8">MAL</subfield>
    <subfield code="a">BLC</subfield>
    <subfield code="b">BLC</subfield>
    <subfield code="d">2023-11-21</subfield>
    <subfield code="l">1</subfield>
    <subfield code="o">8M2 KUR/P</subfield>
    <subfield code="p">501894</subfield>
    <subfield code="r">2024-07-30</subfield>
    <subfield code="s">2024-05-29</subfield>
    <subfield code="v">100.00</subfield>
    <subfield code="w">2023-11-21</subfield>
    <subfield code="y">BK</subfield>
  </datafield>
  <datafield tag="952" ind1=" " ind2=" ">
    <subfield code="0">0</subfield>
    <subfield code="1">0</subfield>
    <subfield code="4">0</subfield>
    <subfield code="7">0</subfield>
    <subfield code="8">MAL</subfield>
    <subfield code="a">BLC</subfield>
    <subfield code="b">BLC</subfield>
    <subfield code="d">2023-11-21</subfield>
    <subfield code="o">8M2 KUR/P</subfield>
    <subfield code="p">501895</subfield>
    <subfield code="r">2023-11-21</subfield>
    <subfield code="v">100.00</subfield>
    <subfield code="w">2023-11-21</subfield>
    <subfield code="y">BK</subfield>
  </datafield>
</record>
